اللہ میاں تھلے آ (Record no. 232776)

000 -LEADER
fixed length control field nam a22 7a 4500
003 - CONTROL NUMBER IDENTIFIER
control field Nust
005 - DATE AND TIME OF LATEST TRANSACTION
control field 20170223120239.0
008 - FIXED-LENGTH DATA ELEMENTS--GENERAL INFORMATION
fixed length control field 170223b xxu||||| |||| 00| 0 eng d
040 ## - CATALOGING SOURCE
Transcribing agency DLC
082 ## - DEWEY DECIMAL CLASSIFICATION NUMBER
Classification number 891.421 LAH
245 ## - TITLE STATEMENT
Title اللہ میاں تھلے آ
Statement of responsibility, etc. لہوری،سائیں اختر
260 ## - PUBLICATION, DISTRIBUTION, ETC.
Place of publication, distribution, etc. Lahore :
Date of publication, distribution, etc. 1999
300 ## - PHYSICAL DESCRIPTION
Extent 168p. :
Other physical details 26cm
942 ## - ADDED ENTRY ELEMENTS (KOHA)
Source of classification or shelving scheme
Koha item type Book
Holdings
Withdrawn status Lost status Source of classification or shelving scheme Damaged status Not for loan Permanent Location Current Location Date acquired Total Checkouts Full call number Barcode Date last seen Price effective from Koha item type
          School of Civil and Environmental Engineering (SCEE) School of Civil and Environmental Engineering (SCEE) 02/23/2017   891.421 LAH NIT-7240 02/23/2017 02/23/2017 Book
© 2023 Central Library, National University of Sciences and Technology. All Rights Reserved.